Szczegóły MARC21

Cmentarz Powązkowski w Warszawie /

003 -Nazwa inst., której nr kontr. jest w polu 001 [,]
    • @
    • Nazwa instytucji, której n kontrolny jest w polu 001
    • NUKAT
005 -DATA I CZAS OSTATNIEJ MODYFIKACJI [,]
    • @
    • pole kontrolne
    • 20250721173845.0
040 -Instytucja sporządzająca opis [ , ]
    • a
    • Instytucja, która sporządziła opis (NP)
    • Ł U/AP
    • c
    • Instytucja, która sporządziła rekord (NP)
    • Ł U/AP
    • d
    • Instytucja, która zmodyfikowała rekord (P)
    • Ł U/AP
    • d
    • Instytucja, która zmodyfikowała rekord (P)
    • Ł U/JSs
942 -Rodzaj dokumentu [ , ]
    • c
    • Rodzaj dokumentu
    • Książka
100 -Hasło główne - nazwa osobowa [1, ]
    • a
    • Nazwa osobowa (NP)
    • Olszewska, Barbara
    • d
    • Daty biograficzne (NP)
    • ( -2004).
    • 9
    • KHW
    • 733798
245 -Strefa tytułu i oznaczenia odpowiedzialności [1,0]
    • a
    • Tytuł
    • Cmentarz Powązkowski w Warszawie / Find
    • c
    • Pozostałe elementy strefy tytułu i oznaczenia odpowiedzialności (NP)
    • [tekst B. Olszewska, H. Szwankowska].
260 -Strefa adresu wydawniczego [ , ]
    • a
    • Miejsce wydania (P)
    • Warszawa :
    • b
    • Nazwa wydawcy (P)
    • Centralny Ośrodek Informacji Turystycznej,
    • c
    • Data wydania (P)
    • [ca 1995].
300 -Strefa opisu fizycznego [ , ]
    • a
    • Określenie formy książki i/lub objętość (NP)
    • [24] s. :
    • b
    • Oznaczenie ilustracji (NP)
    • il. ;
    • c
    • Format (NP)
    • 21x22 cm.
336 -Typ zawartości [ , ]
    • a
    • Termin opisujący typ zawartości
    • Tekst
    • b
    • Kod określający zawartość
    • txt
    • 2
    • Źródło (terminu i kodu)
    • rdacontent
337 -Typ mediów [ , ]
    • a
    • Tryb odtwarzania
    • Bez urządzenia pośredniczącego
    • b
    • Kod typu mediów
    • n
    • 2
    • Źródło (terminu i kodu)
    • rdamedia
338 -Typ/rodzaj nośnika [ , ]
    • a
    • Hasło opisujące typ nośnika
    • Wolumin
    • b
    • Kod typu nośnika
    • nc
    • 2
    • Źródło (terminu i kodu)
    • rdacarrier
380 -Deskryptor - Forma dzieła (P) [ , ]
    • a
    • forma dzieła (NP)
    • Druki ulotne
080 -Uniwersalna Klasyfikacja Dziesiętna [ , ]
    • a
    • Symbol klasyfikacji
    • 943.8.07/.084::008(438)"17/19"
080 -Uniwersalna Klasyfikacja Dziesiętna [ , ]
    • a
    • Symbol klasyfikacji
    • :929(438)"17/19"
080 -Uniwersalna Klasyfikacja Dziesiętna [ , ]
    • a
    • Symbol klasyfikacji
    • :726(438)"17/19"
080 -Uniwersalna Klasyfikacja Dziesiętna [ , ]
    • a
    • Symbol klasyfikacji
    • :718(036)(438)"17/19"
650 -Hasło przedmiotowe [ ,7]
    • a
    • Hasło przedmiotowe
    • Cmentarz Powązkowski (Warszawa)
    • 2
    • Źródło terminu
    • DBN
    • 9
    • KHW
    • 733917
650 -Hasło przedmiotowe [ ,7]
    • a
    • Hasło przedmiotowe
    • Cmentarz Powązkowski (Warszawa, Polska)
    • v
    • Określnik formalny
    • przewodniki.
    • 2
    • Źródło terminu
    • kaba
    • 9
    • KHW
    • 733849
655 -Hasło w funkcji tematu formalnego [ ,7]
    • a
    • Hasło
    • Przewodnik turystyczny
    • 2
    • Źródło terminu
    • DBN
    • 9
    • KHW
    • 726896
980 -Symbol UKD [ , ]
    • a
    • UKD
    • 943.8.07/.084::008:929:726:718(036)](438)"17/19"
700 -Hasło dodatkowe - nazwa osobowa [1, ]
    • a
    • Nazwa osobowa (NP)
    • Szwankowska, Hanna Find
    • d
    • Daty biograficzne (NP)
    • (1919-2012).
    • 9
    • KHW
    • 471152
710 -Hasło dodatkowe - nazwa ciała zbiorowego [2, ]
    • a
    • Nazwa ciała zbiorowego lub nazwa geograficzna jako pierwszy element (NP)
    • Centralny Ośrodek Informacji Turystycznej.
    • 4
    • Kod relacji
    • pbl
    • 9
    • KHW
    • 434692
Numer inwentarzowy Status udost. Lokalizacja Data inwentaryzacji
JK.3821BG2002-12-10